Jewish Funerary Inscriptions - Most are in Greek
| Main Author: | |
|---|---|
| Format: | Print Article |
| Language: | English |
| Check availability: | HBZ Gateway |
| Interlibrary Loan: | Interlibrary Loan for the Fachinformationsdienste (Specialized Information Services in Germany) |
| Published: |
1992
|
| In: |
Biblical archaeology review
Year: 1992, Volume: 18, Issue: 5, Pages: 46-57 |
| Standardized Subjects / Keyword chains: | B
Greek language
/ Inscription
B Biblical archaeology |
| RelBib Classification: | TB Antiquity |
| Further subjects: | B
Funeral
|
MARC
| LEADER | 00000caa a22000002c 4500 | ||
|---|---|---|---|
| 001 | 1650051255 | ||
| 003 | DE-627 | ||
| 005 | 20250904133644.0 | ||
| 007 | tu | ||
| 008 | 190311s1992 xx ||||| 00| ||eng c | ||
| 035 | |a (DE-627)1650051255 | ||
| 035 | |a (DE-576)51876656X | ||
| 035 | |a (DE-599)BSZ51876656X | ||
| 040 | |a DE-627 |b ger |c DE-627 |e rakwb | ||
| 041 | |a eng | ||
| 084 | |a 1 |2 ssgn | ||
| 100 | 1 | |0 (DE-588)13182452X |0 (DE-627)515629332 |0 (DE-576)161490859 |4 aut |a Horst, Pieter Willem van der |d 1946- | |
| 109 | |a Horst, Pieter Willem van der 1946- |a Der Horst, Pieter W. van 1946- |a Van DerHorst, Pieter W. 1946- |a Horst, Pieter W. van der 1946- |a DerHorst, Pieter W. van 1946- |a DerHorst, Pieter Willem van 1946- |a Van DerHorst, Pieter Willem 1946- |a Der Horst, Pieter Willem van 1946- |a VanDer Horst, Pieter Willem 1946- |a VanDerHorst, Pieter Willem 1946- |a Van der Horst, Pieter Willem 1946- |a Horst, P. W. van der 1946- | ||
| 245 | 1 | 0 | |a Jewish Funerary Inscriptions - Most are in Greek |
| 264 | 1 | |c 1992 | |
| 336 | |a Text |b txt |2 rdacontent | ||
| 337 | |a ohne Hilfsmittel zu benutzen |b n |2 rdamedia | ||
| 338 | |a Band |b nc |2 rdacarrier | ||
| 650 | 0 | 7 | |0 (DE-588)4006054-8 |0 (DE-627)10637866X |0 (DE-576)208864202 |a Bestattung |2 gnd |
| 652 | |a TB | ||
| 689 | 0 | 0 | |d s |0 (DE-588)4113791-7 |0 (DE-627)105826847 |0 (DE-576)20947937X |2 gnd |a Griechisch |
| 689 | 0 | 1 | |d s |0 (DE-588)4027107-9 |0 (DE-627)10628598X |0 (DE-576)208969276 |2 gnd |a Inschrift |
| 689 | 0 | |5 (DE-627) | |
| 689 | 1 | 0 | |d s |0 (DE-588)4006471-2 |0 (DE-627)106377442 |0 (DE-576)208865667 |2 gnd |a Biblische Archäologie |
| 689 | 1 | |5 (DE-627) | |
| 773 | 0 | 8 | |i In |t Biblical archaeology review |d Washington, DC : Soc., 1975 |g 18(1992), 5, Seite 46-57 |w (DE-627)16675921X |w (DE-600)302302-3 |w (DE-576)015196410 |x 0098-9444 |7 nnas |
| 773 | 1 | 8 | |g volume:18 |g year:1992 |g number:5 |g pages:46-57 |
| 935 | |a BIIN | ||
| 951 | |a AR | ||
| BIB | |a 1 | ||
| ELC | |b 1 | ||
| ITA | |a 1 |t 1 | ||
| LOK | |0 000 xxxxxcx a22 zn 4500 | ||
| LOK | |0 001 3335594002 | ||
| LOK | |0 003 DE-627 | ||
| LOK | |0 004 1650051255 | ||
| LOK | |0 005 20190311183709 | ||
| LOK | |0 008 190311||||||||||||||||ger||||||| | ||
| LOK | |0 035 |a (DE-Tue135-1)38587 | ||
| LOK | |0 040 |a DE-Tue135-1 |c DE-627 |d DE-Tue135-1 | ||
| LOK | |0 852 |a DE-Tue135-1 | ||
| LOK | |0 852 1 |c FTHAT097961/18,5/HTP |m p |9 00 | ||
| LOK | |0 852 2 |b Z 4/90 |9 00 | ||
| LOK | |0 935 |a iZSA | ||
| LOK | |0 936ln |0 1442053534 |a TB | ||
| LOK | |0 938 |k p | ||
| LOK | |0 939 |a 11-03-19 |b l12 | ||
| ORI | |a SA-MARC-ixtheoa001.raw | ||
| REL | |a 1 | ||
| STA | 0 | 0 | |a Biblical archaeology,Funeral,Funeral,Burial,Interment,Church funeral,Greek language,Ancient Greek language,Classical Greek language,Koine-Greek language,Inscription,Inscription,Epigraph |
| STB | 0 | 0 | |a Archéologie biblique,Funérailles,Funérailles,Obsèques,Obsèques,Grec,Inscription,Inscription |
| STC | 0 | 0 | |a Arqueología bíblica,Funeral,Funeral,Griego,Inscripción,Inscripción |
| STD | 0 | 0 | |a Archeologia biblica,Funerale <motivo>,Funerale,Esequie,Esequie,Esequie (motivo),Esequie,Greco,Iscrizione,Iscrizione |
| STE | 0 | 0 | |a 圣经考古学,希腊语,希腊文,葬礼,葬礼,安葬,安葬,铭文,题词 |
| STF | 0 | 0 | |a 希臘語,希臘文,聖經考古學,葬禮,葬禮,安葬,安葬,銘文,題詞 |
| STG | 0 | 0 | |a Arqueologia bíblica,Funeral,Funeral,Grego,Inscrição,Inscrição |
| STH | 0 | 0 | |a Библейская археология,Греческий (язык),Надпись (мотив),Надпись,Похороны (мотив),Похороны |
| STI | 0 | 0 | |a Βιβλική αρχαιολογία,Ελληνική γλώσσα,Επιγραφή (μοτίβο),Επιγραφή,Κηδεία (μοτίβο),Κηδεία |
| SUB | |a BIB |a REL | ||
| SYE | 0 | 0 | |a Beerdigung,Begräbnis,Beisetzung,Leichenbegängnis,Bestattungswesen,Leichenwesen,Leichen- und Bestattungswesen,Totenbestattung,Totenfeier,Trauerfeier,Beerdigung,Begräbnis,Beisetzung,Leichenbegängnis,Bestattungswesen,Leichenwesen,Leichen- und Bestattungswesen,Totenbestattung,Totenfeier,Trauerfeier,Trauerzeremonie |
| SYG | 0 | 0 | |a Altgriechisch,Klassisches Griechisch,Hellenisch , Epigraph,Inschriften,Epigraf , Archäologie,Biblische Altertumskunde |



